Key issues in international relations (Record no. 41260)

MARC details
000 -LEADER
fixed length control field 00442nam a2200181Ia 4500
020 ## - INTERNATIONAL STANDARD BOOK NUMBER
ISBN 9789788446798
050 ## - CALL MARK
Classification number JZ 6.5.I64 .E45/
100 ## - STATEMENT OF RESPONSIBILITY--MAIN AUTHOR NAME
Personal name Eminue, Okon
245 #0 - TITLE STATEMENT
Title Key issues in international relations
260 ## - PUBLICATION, DISTRIBUTION, ETC. (IMPRINT)
Place of publication Nigeria
260 ## - PUBLICATION, DISTRIBUTION, ETC. (IMPRINT)
Name of publisher University of Nigeria Press Ltd.
260 ## - PUBLICATION, DISTRIBUTION, ETC. (IMPRINT)
Year of publication 2015
300 ## - PHYSICAL DESCRIPTION
Number of Pages 263 p
650 ## - SUBJECT ADDED ENTRY--TOPICAL TERM
Topical Term Nigeria
942 ## - ADDED ENTRY ELEMENTS (KOHA)
Koha item type Books
Holdings
Withdrawn status Lost status Source of classification or shelving scheme Damaged status Not for loan Permanent Location Current Location Shelving location Date acquired Accession Number Price effective from Koha item type Full call number
    Library of Congress Classification     NILE UNIVERSITY OF NIGERIA - MAIN LIBRARY NILE UNIVERSITY OF NIGERIA - MAIN LIBRARY Items on shelf 06/03/2025 0185777 06/03/2025 Books  
    Library of Congress Classification     NILE UNIVERSITY OF NIGERIA - MAIN LIBRARY NILE UNIVERSITY OF NIGERIA - MAIN LIBRARY Items on shelf 06/03/2025 0185778 06/03/2025 Books  
    Library of Congress Classification     NILE UNIVERSITY OF NIGERIA - MAIN LIBRARY NILE UNIVERSITY OF NIGERIA - MAIN LIBRARY   01/27/2026 0185784 01/27/2026 Books JZ 65 .I64 .E45